000 02609nam0a2200421 4500
001 RU\NLR\BIBL_A\012162515
005 20260407115712.0
035 _a(NLR Aleph) 012162515
090 _a12197800
_c12197800
100 _a20181106d1898 |||y0rusy50 ca
101 0 _arus
102 _aRU
105 _ay z 000zy
200 1 _aОб источнике на содержание мирового судьи в г. Люблине
_eпредставление по сему делу разослано Членам Государственного Совета, в печатных экземплярах
_fГосударственный Совет в Департаменте Государственной Экономии. Министерство Юстиции. 12 ноября 1898 года. № 433
210 _a[Санкт-Петербург
_cб. и.]
_d1898
215 _a[1] с.
_d33
300 _aВ конце текста: Подписали: Д. Сольский, М. Каханов, В. Маркус [и др.]; Скрепил: Статс-Секретарь Г. Шамшин
300 _aНа 1-й с.: MXXVIII, 7
309 _aБез тит. л и обл.
601 0 1 _aРоссия
_bМинистерство юстиции
_92420627
_3RU\NLR\AUTH\6601660225
606 1 _aФинансы
_xИстория
_yРоссия
_91256568
_3RU\NLR\AUTH\66515235
606 1 _aМировые суды
_xИстория
_yРоссия
_92564717
_3RU\NLR\AUTH\661516933
686 3 _aУ26(28)
686 3 _aХ891.9(2)111.1
686 3 _aХ809(2)64
702 1 _4720
_8rus
_7ca
_aСольский
_bД. М.
_cгос. деятель
_f1833-1910
_gДмитрий Мартынович
_3RU\NLR\AUTH\7783181
_966109
702 1 _4720
_7ca
_8rus
_aКаханов
_bМ. С.
_f1833-1900
_gМихаил Семёнович
_9197457
_3RU\NLR\AUTH\770197508
702 1 _4720
_7ca
_8rus
_aМаркус
_bВ. М.
_f1826-1901
_gВладимир Михайлович
_9197462
_3RU\NLR\AUTH\770197513
702 1 _4720
_aШамшин
_bГ. И.
_cгос. деятель
_f1853-1918
_gГригорий Иванович
_9197513
_3RU\NLR\AUTH\770197564
711 0 1 _aРоссия
_bГосударственный совет
_3RU\NLR\AUTH\889948587
_9392796
711 0 1 _aРоссия
_bМинистерство юстиции
_3RU\NLR\AUTH\889948183
_9391975
712 0 1 _4570
_aРоссия
_bДепартамент государственной экономии
_3RU\NLR\AUTH\889933514
_9362122
852 _aNLR
_j135/294-331 (19)
942 _cBOOK
980 _aNB